000 00764nam a2200229Ia 4500
001 15471
003 GE_BSU
008 181216s||||||||xx |||||||||||||| ||und||
040 _cGE_BSU
080 _a821.353.1-32
100 _aჩხაიძე,ალექსანდრე
245 _aზღვა და ოთხი ქალიშვილი
245 _bმოთხრობები
245 _cრედ.ვ.ჭანტურია. მხატვ. ზ.ხაბაძე
260 _aბათუმი
260 _bსაბჭ. აჭარა
260 _c1980
300 _a219გვ.20სმ.
653 _aზღვა და ოთხი ქალიშვილი
653 _aმოთხრობები
942 _cBK
999 _c48572
_d48572